000
00335 a2200157 4500
001
62503
020
_a
7898034593222
040
_c
Anchieta - Pituba
100
_a
Coelho, Paulo
240
1
0
_a
Bosque de cedros
_l
por
245
1
0
_a
Bosque de cedros
300
_a
64
362
0
_a
1999
650
4
_a
Literatura brasileira
942
_c
BK
999
_c
62503
_d
62503